[Event "Reykjavik Open"]
[Site "Reykjavik ISL"]
[Date "2012.03.09"]
[Round "4.33"]
[White "Gislason, Gudmundur"]
[Black "Olafsson, Thorvardur"]
[Result "0-1"]
[WhiteElo "2346"]
[BlackElo "2147"]
[WhiteFideId "2300559"]
[BlackFideId "2301148"]
[EventDate "2012.03.06"]

1. c4 Nf6 2. g3 g6 3. Bg2 c5 4. b3 Bg7 5. Bb2 O-O 6. h4 Nc6 7. Nh3 d5 8. cxd5
Nxd5 9. Bxg7 Kxg7 10. Qc1 Qd6 11. Nc3 Nxc3 12. Qxc3+ f6 13. Rc1 Bxh3 14. Rxh3
Nb4 15. Qb2 Rad8 16. a3 Nc6 17. g4 Nd4 18. Kf1 e5 19. Rhc3 b6 20. b4 Qd7 21. Rg3
Qb5 22. d3 a5 23. Be4 axb4 24. axb4 Qxb4 25. Qxb4 cxb4 26. e3 Nb3 27. Rc7+ Rf7
28. Rxf7+ Kxf7 29. Ke2 Nc5 30. h5 b3 31. hxg6+ hxg6 32. Rg1 Nxe4 33. dxe4 Rc8
34. Kd3 Rc2 35. Rb1 Rxf2 36. Rxb3 Rg2 37. Rxb6 Rxg4 38. Rb7+ Kg8 39. Ra7 Rg1 40.
Ke2 Rc1 41. Rb7 Rc8 42. Kf3 Rf8 43. Kg3 Rf7 44. Rb6 Kg7 45. Kg4 Ra7 46. Kf3 Ra1
47. Kf2 Rh1 48. Kg2 Rh4 49. Kf3 Rh3+ 50. Kf2 g5 51. Rb8 Rh4 52. Kf3 Rh3+ 53. Kf2
g4 54. Rc8 Rf3+ 55. Ke2 Kg6 56. Rh8 Kg5 57. Rh7 Rh3 58. Rg7+ Kh4 59. Rh7+ Kg3
60. Rg7 Rh2+ 61. Kd3 Rf2 62. Rg6 Kh3 63. Kc4 g3 64. Kd5 g2 65. Ke6 Rf3 0-1

[Event "Reykjavik Open"]
[Site "Reykjavik ISL"]
[Date "2012.03.09"]
[Round "4.35"]
[White "Ingvason, Johann"]
[Black "Johannesson, Ingvar Thor"]
[Result "1/2-1/2"]
[BlackTitle "FM"]
[WhiteElo "2132"]
[BlackElo "2331"]
[WhiteFideId "2301431"]
[BlackFideId "2301490"]
[EventDate "2012.03.06"]

1. e4 e6 2. d4 d5 3. Nc3 Bb4 4. e5 Ne7 5. a3 Bxc3+ 6. bxc3 c5 7. h4 Qa5 8. Bd2
Qa4 9. Nf3 c4 10. h5 h6 11. Bf4 Nbc6 12. Qd2 Bd7 13. g4 O-O-O 14. Bh3 Rhf8 15.
Nh4 Qa5 16. O-O f6 17. exf6 Rxf6 18. Qe3 Rdf8 19. Bh2 g5 20. hxg6 Nxg6 21. Nxg6
Rxg6 22. Rab1 h5 23. Qg3 Qd8 24. Rb5 hxg4 25. Bg2 b6 26. a4 Kb7 27. Rfb1 Ne7 28.
R5b4 Nf5 29. Qe5 g3 30. fxg3 Bc6 31. a5 b5 32. Rxc4 Nxg3 33. a6+ Kb6 34. Rxc6+
Kxc6 35. c4 Ne4 36. cxb5+ Kb6 37. c4 Rfg8 38. Rb2 Ka5 39. Kh1 Qg5 40. Qc7+ Ka4
41. cxd5 Ng3+ 42. Bxg3 Qh5+ 43. Kg1 Qd1+ 44. Kh2 Rh8+ 45. Bh3 Rxh3+ 46. Kxh3
Qh1+ 47. Rh2 Qf1+ 48. Rg2 Qh1+ 49. Rh2 1/2-1/2

[Event "Reykjavik Open"]
[Site "Reykjavik ISL"]
[Date "2012.03.09"]
[Round "4.36"]
[White "Thorsteinsson, Erlingur"]
[Black "Larsen, Karsten"]
[Result "0-1"]
[BlackTitle "FM"]
[WhiteElo "2129"]
[BlackElo "2321"]
[WhiteFideId "2301091"]
[BlackFideId "1404288"]
[EventDate "2012.03.06"]

1. Nf3 Nf6 2. b3 g6 3. Bb2 Bg7 4. g3 O-O 5. Bg2 c5 6. O-O Nc6 7. d3 d5 8. Nbd2
Qc7 9. Qc1 e5 10. e3 Re8 11. Re1 b6 12. a3 Bb7 13. c4 d4 14. e4 Rf8 15. Rf1 Nh5
16. Qc2 Rae8 17. Rae1 Bh6 18. Re2 Bc8 19. Rfe1 f6 20. h3 Be6 21. Nf1 Qd7 22. Kh2
Kh8 23. Bc1 Bxc1 24. Qxc1 g5 25. Ng1 Rg8 26. Qd1 Ng7 27. Rb2 a5 28. Bf3 Qd6 29.
a4 Bf7 30. Kg2 Bg6 31. Nh2 h5 32. Be2 Nd8 33. Qd2 Nde6 34. Ngf3 Kh7 35. Rbb1 Re7
36. Rh1 Ne8 37. Rbe1 Qc6 38. Kg1 Nd6 39. Qd1 Qe8 40. Nf1 Kh8 41. N1d2 Rh7 42.
Nh2 Bf7 43. Bf3 Rgg7 44. Kg2 Kg8 45. Reg1 Kf8 46. Kf1 Ke7 47. Qe2 Kd8 48. Ke1
Qh8 49. Nhf1 Be8 50. Kd1 Bd7 51. Kc2 Rh6 52. Nh2 Nc8 53. Bg2 Ne7 54. Nhf3 Ng6
55. Ne1 Qe8 56. Qd1 Rgh7 57. Kb2 Nc7 58. Nc2 Be6 59. Qf1 Qd7 60. h4 Qe7 61. hxg5
fxg5 62. Nf3 Bg4 63. Nh2 Bd7 64. Nf3 Qf6 65. Qe1 h4 66. Qd2 Rh5 67. g4 Bxg4 68.
Nh2 Bd7 69. Bf3 R5h6 70. Rxg5 Nf4 71. Rg8+ Ke7 72. Rhg1 Rg6 73. R8xg6 Nxg6 74.
Ne1 Nf4 75. Bg4 Rg7 76. f3 Na6 77. Rh1 Nb4 78. Rg1 Qh6 79. Kb1 Be6 80. Rh1 Kd6
81. Bxe6 Kxe6 82. Ng4 Qg5 83. Rh2 h3 84. Rf2 Qh4 85. Rh2 Qg5 86. Rf2 Rh7 87. Rh2
Kd6 88. Rf2 Ke6 89. Rh2 Rh4 90. Ng2 hxg2 91. Rxg2 Rh1+ 92. Kb2 Nfxd3+ 0-1

[Event "Reykjavik Open"]
[Site "Reykjavik ISL"]
[Date "2012.03.09"]
[Round "4.38"]
[White "Holm, Kristian Stuvik"]
[Black "Sverrisson, Nokkvi"]
[Result "1-0"]
[WhiteElo "2290"]
[BlackElo "1928"]
[WhiteFideId "1508083"]
[BlackFideId "2304376"]
[EventDate "2012.03.06"]

1. d4 Nf6 2. c4 c5 3. d5 e6 4. Nc3 exd5 5. cxd5 d6 6. Nf3 g6 7. Nd2 a6 8. a4
Nbd7 9. e4 Bg7 10. Be2 O-O 11. O-O Re8 12. Re1 Qc7 13. Qc2 Rb8 14. Nc4 Nb6 15.
Ne3 Nbd7 16. f4 Re7 17. Bd2 Ne8 18. Bf3 Bd4 19. Ne2 Qb6 20. a5 Qa7 21. Kh1 Ndf6
22. Nxd4 cxd4 23. Nc4 Qc5 24. b4 Qc7 25. Qd3 Bg4 26. Qxd4 Bxf3 27. gxf3 Qc8 28.
f5 1-0

[Event "Reykjavik Open"]
[Site "Reykjavik ISL"]
[Date "2012.03.09"]
[Round "4.39"]
[White "Ledent, Philippe"]
[Black "Friedrichs, Klaus"]
[Result "0-1"]
[WhiteElo "1876"]
[BlackElo "2283"]
[WhiteFideId "218227"]
[BlackFideId "4654420"]
[EventDate "2012.03.06"]

1. d4 f5 2. c4 Nf6 3. g3 e6 4. Bg2 c6 5. Nh3 Be7 6. Qc2 O-O 7. O-O d6 8. Rd1 Qe8
9. Nc3 e5 10. d5 Qh5 11. dxc6 Nxc6 12. Nb5 f4 13. Nxf4 exf4 14. Bxf4 Bh3 15.
Bxh3 Qxh3 16. f3 Nh5 17. Bxd6 Bxd6 18. Nxd6 Nxg3 19. c5 Nf5 20. Qb3+ Kh8 21. Rd3
Nh4 22. Kf2 Qxh2+ 23. Ke1 Qg1+ 24. Kd2 Qxa1 25. Kc2 Qg1 26. Ne4 Nd4+ 0-1

[Event "Reykjavik Open"]
[Site "Reykjavik ISL"]
[Date "2012.03.09"]
[Round "4.41"]
[White "Mertens, Heiko"]
[Black "Forsa, Elise"]
[Result "1-0"]
[WhiteElo "2336"]
[BlackElo "1789"]
[WhiteFideId "24601616"]
[BlackFideId "1500163"]
[EventDate "2012.03.06"]

1. c4 Nf6 2. Nc3 e6 3. e4 d5 4. e5 Nfd7 5. cxd5 Nxe5 6. d4 Ng6 7. dxe6 Bxe6 8.
d5 Bf5 9. Be3 Bd6 10. Nge2 a6 11. Ng3 Bd7 12. Qd2 O-O 13. Nge4 Qe7 14. Be2 b5
15. Nxd6 cxd6 16. a3 Bf5 17. O-O Nd7 18. Rac1 Rac8 19. g4 Be4 20. f3 Bxf3 21.
Rxf3 Nde5 22. Rg3 Rfe8 23. Rf1 Nc4 24. Bxc4 Rxc4 25. b3 Rcc8 26. Bd4 Ne5 27. Qf4
Rc7 28. g5 Rb7 29. Bxe5 dxe5 30. Qb4 Qc7 31. Ne4 Rd8 32. Qc5 Qxc5+ 33. Nxc5 1-0

[Event "Reykjavik Open"]
[Site "Reykjavik ISL"]
[Date "2012.03.09"]
[Round "4.45"]
[White "Lemeaux, David"]
[Black "Thorell, Viktor"]
[Result "1-0"]
[WhiteElo "2287"]
[BlackElo "2034"]
[WhiteFideId "613843"]
[BlackFideId "1715488"]
[EventDate "2012.03.06"]

1. d4 d5 2. c4 c6 3. Nf3 Nf6 4. e3 Bf5 5. Nc3 e6 6. Nh4 Bg6 7. Be2 Nbd7 8. g3
Be7 9. O-O Ne4 10. Nxg6 Nxc3 11. bxc3 hxg6 12. cxd5 exd5 13. c4 Nf6 14. Rb1 Qd7
15. f3 dxc4 16. Bxc4 b5 17. Bd3 Bd6 18. Qe2 O-O-O 19. Bd2 Rh5 20. Rf2 Rdh8 21.
Rg2 Bc7 22. Be1 a5 23. Qb2 Bd6 24. Rc1 Kb7 25. Rgc2 Rc8 26. Bf1 Rd5 27. Bf2 Rh5
28. e4 Rch8 29. h4 Rc8 30. a3 g5 31. Bxb5 cxb5 32. Rxc8 gxh4 33. d5 Rg5 34. Bb6
Rxg3+ 35. Kf2 Rxf3+ 36. Ke2 b4 37. R1c7+ Bxc7 38. Rxc7+ 1-0

[Event "Reykjavik Open"]
[Site "Reykjavik ISL"]
[Date "2012.03.09"]
[Round "4.46"]
[White "Perez, Flavio"]
[Black "Palsson, Halldor"]
[Result "1/2-1/2"]
[WhiteElo "2269"]
[BlackElo "2000"]
[WhiteFideId "623911"]
[BlackFideId "2301202"]
[EventDate "2012.03.06"]

1. e4 e5 2. Nf3 Nc6 3. Bc4 Nf6 4. d3 Bc5 5. c3 Bb6 6. Nbd2 O-O 7. O-O d6 8. h3
Be6 9. Bb3 Nh5 10. Nc4 Qf6 11. Be3 Nf4 12. Nh2 Qg6 13. Bxf4 exf4 14. Kh1 Ne5 15.
Nxb6 axb6 16. d4 Bxb3 17. Qxb3 f3 18. gxf3 Nd3 19. Qb5 Nf4 20. Rg1 Qh6 21. Qg5
Qxg5 22. Rxg5 Nxh3 23. Rg2 f5 24. exf5 Rxf5 25. Rg3 Nxf2+ 26. Kg2 Nd3 27. Rg4 1/2-1/2

[Event "Reykjavik Open"]
[Site "Reykjavik ISL"]
[Date "2012.03.09"]
[Round "4.47"]
[White "Bharat, Vijay"]
[Black "Karlsson, Bjorn-Ivar"]
[Result "0-1"]
[WhiteElo "1941"]
[BlackElo "2250"]
[WhiteFideId "5032784"]
[BlackFideId "2301687"]
[EventDate "2012.03.06"]

1. d4 Nf6 2. Nf3 e6 3. Bf4 c5 4. e3 Nc6 5. c3 b6 6. Bd3 Be7 7. h3 Bb7 8. O-O O-O
9. a3 cxd4 10. cxd4 a6 11. Nbd2 d6 12. Qe2 b5 13. Rfc1 Re8 14. Rc2 Qb6 15. Rac1
Rac8 16. b4 Bf8 17. Bg5 Nd7 18. Bf4 h6 19. Bg3 Na7 20. Nb3 Rxc2 21. Rxc2 Rc8 22.
Na5 Be7 23. Nd2 Rxc2 24. Bxc2 Qc7 25. Qd3 Nf8 26. Nxb7 Qxb7 27. Qc3 Qc8 28. Qd3
Qc6 29. f3 Nc8 30. Kf2 Nb6 31. e4 Ng6 32. Bb3 Qc1 33. Bc2 Qb2 34. Ke3 e5 35.
dxe5 Nxe5 36. Bxe5 dxe5 37. g3 Qc1 38. Kf2 Bg5 39. Nf1 Nc4 40. a4 Nb2 41. Qc3
Nd1+ 0-1

[Event "Reykjavik Open"]
[Site "Reykjavik ISL"]
[Date "2012.03.09"]
[Round "4.48"]
[White "Einarsson, Halldor Gretar"]
[Black "Johannsson, Orn Leo"]
[Result "1-0"]
[WhiteTitle "FM"]
[WhiteElo "2239"]
[BlackElo "1939"]
[WhiteFideId "2300150"]
[BlackFideId "2303051"]
[EventDate "2012.03.06"]

1. d4 e6 2. c4 f5 3. Nf3 Nf6 4. g3 d5 5. Bg2 c6 6. O-O Bd6 7. b3 Qe7 8. Bb2 Nbd7
9. Nbd2 O-O 10. Ne5 Ne4 11. Nxe4 fxe4 12. Nxd7 Bxd7 13. c5 Bc7 14. f3 exf3 15.
exf3 e5 16. Re1 Rae8 17. Qd2 Rf5 18. Re2 Qf8 19. Bh3 Rf7 20. Bxd7 Rxd7 21. dxe5
Qxf3 22. Rae1 Re6 23. Qb4 b6 24. Rf2 Qh5 25. cxb6 1-0

[Event "Reykjavik Open"]
[Site "Reykjavik ISL"]
[Date "2012.03.09"]
[Round "4.50"]
[White "Dougherty, Michael"]
[Black "Ziska, Andrias"]
[Result "1-0"]
[WhiteTitle "FM"]
[WhiteElo "2195"]
[BlackElo "1900"]
[WhiteFideId "2601559"]
[BlackFideId "7200587"]
[EventDate "2012.03.06"]

1. d4 Nf6 2. c4 g6 3. Nc3 Bg7 4. e4 d6 5. f4 O-O 6. Nf3 Na6 7. Be2 c6 8. O-O Nc7
9. e5 Nfe8 10. Qe1 d5 11. Qh4 Bf5 12. g4 Be4 13. Ng5 h6 14. Ngxe4 dxe4 15. Be3
f5 16. gxf5 gxf5 17. d5 cxd5 18. cxd5 Nxd5 19. Nxd5 Qxd5 20. Rfd1 Qe6 21. Rac1
Kh8 22. Bc4 Qg6+ 23. Kh1 e6 24. Be2 Rg8 25. Rg1 Qf7 26. Bh5 Qd7 27. Rgd1 Qa4 28.
Bf7 Qxa2 29. Bxg8 Kxg8 30. Rd2 Qb3 31. Qg3 a5 32. Rg1 Qb5 33. Qg6 Kh8 34. Qf7
Qb3 35. Rg3 Qb5 36. Rdg2 Rd8 37. Rxg7 1-0

[Event "Reykjavik Open"]
[Site "Reykjavik ISL"]
[Date "2012.03.09"]
[Round "4.51"]
[White "Hansen, Erle Andrea Marki"]
[Black "Van Heirzeele, Daniel"]
[Result "0-1"]
[WhiteElo "1793"]
[BlackElo "2161"]
[WhiteFideId "1508229"]
[BlackFideId "200425"]
[EventDate "2012.03.06"]

1. d4 Nf6 2. Nf3 e6 3. g3 c5 4. c4 cxd4 5. Nxd4 Qb6 6. Bg2 Bc5 7. e3 Nc6 8. Ne2
O-O 9. O-O Qc7 10. a3 Be7 11. Nbc3 b6 12. b3 Bb7 13. Bb2 Rfd8 14. Nf4 Rac8 15.
Qc2 Qb8 16. Rac1 a6 17. Rfd1 b5 18. cxb5 axb5 19. Qe2 b4 20. axb4 Nxb4 21. Bxb7
Qxb7 22. Ra1 Nc6 23. Rdb1 Qxb3 24. Nb5 Ra8 25. Ba3 Qa4 26. f3 Qa5 27. Qb2 Qb6
28. Qc1 Bxa3 29. Nxa3 Qc7 30. Nb5 Qe5 31. Nd3 Qf5 32. Rxa8 Rxa8 33. Qd1 Ne5 34.
Nf4 Nxf3+ 35. Kh1 Ra2 36. Ng2 Ng4 0-1

[Event "Reykjavik Open"]
[Site "Reykjavik ISL"]
[Date "2012.03.09"]
[Round "4.52"]
[White "Eriksson, Christian"]
[Black "Ingason, Sigurdur"]
[Result "1-0"]
[WhiteElo "2148"]
[BlackElo "1878"]
[WhiteFideId "1412159"]
[BlackFideId "2301709"]
[EventDate "2012.03.06"]

1. e4 e5 2. Nf3 Nf6 3. Nxe5 d6 4. Nf3 Nxe4 5. Nc3 Nxc3 6. dxc3 Be7 7. Bf4 O-O 8.
Qd2 Nd7 9. O-O-O Nc5 10. Be3 Ne6 11. h4 Bd7 12. Ng5 Nxg5 13. hxg5 Bf5 14. f3 Bg6
15. g4 c6 16. Bd3 f6 17. Bxg6 hxg6 18. Qd3 f5 19. gxf5 Rxf5 20. f4 Qd7 21. Rh4
Qe6 22. Rdh1 Kf7 23. c4 d5 24. c5 Rd8 25. Bd4 Qe4 26. Qd2 Rd7 27. a3 Bf8 28. Kb1
Re7 29. Be5 Rd7 30. Re1 Qc4 31. Bd4 Bxc5 32. Be5 d4 33. Re4 Qd5 34. Qd3 Rd8 35.
Rh7 Bf8 36. Rxd4 1-0

[Event "Reykjavik Open"]
[Site "Reykjavik ISL"]
[Date "2012.03.09"]
[Round "4.53"]
[White "Hardarson, Jon Trausti"]
[Black "Huizer, Mark"]
[Result "1/2-1/2"]
[BlackTitle "CM"]
[WhiteElo "1688"]
[BlackElo "2122"]
[WhiteFideId "2302594"]
[BlackFideId "1005839"]
[EventDate "2012.03.06"]

1. e4 c5 2. Nf3 d6 3. d4 cxd4 4. Nxd4 Nf6 5. Nc3 a6 6. Bg5 e6 7. f4 b5 8. a3 Be7
9. Qe2 Bb7 10. O-O-O Nbd7 11. g4 Qc7 12. Bg2 Nc5 13. e5 dxe5 14. Bxb7 Nxb7 15.
Bxf6 gxf6 16. Ndxb5 Qb6 17. fxe5 axb5 18. exf6 Bd8 19. g5 b4 20. Nd5 Qc5 21.
Nxb4 Qxg5+ 22. Kb1 Qc5 23. Rd4 Qb6 24. Rhd1 Rc8 25. Rd7 Nc5 26. Rxf7 Kxf7 27.
Qh5+ Kxf6 28. Rf1+ Ke7 29. Qf7+ Kd6 30. Rd1+ Ke5 31. Qh5+ Kf6 32. Rf1+ 1/2-1/2

[Event "Reykjavik Open"]
[Site "Reykjavik ISL"]
[Date "2012.03.09"]
[Round "4.57"]
[White "Edvardsson, Kristjan"]
[Black "Helin, Mikael"]
[Result "1-0"]
[WhiteElo "2217"]
[BlackElo "1884"]
[WhiteFideId "2300893"]
[BlackFideId "1703838"]
[EventDate "2012.03.06"]

1. d4 f5 2. g3 e6 3. Bg2 Nf6 4. c4 d6 5. Nf3 Be7 6. O-O O-O 7. Nc3 a5 8. Qc2 Nc6
9. b3 Qe8 10. a3 e5 11. dxe5 dxe5 12. Nd5 Bd8 13. Bb2 Qh5 14. Rfd1 f4 15. Nxf6+
Bxf6 16. Rd5 Bf5 17. Qd2 fxg3 18. hxg3 Be4 19. Rb5 Ne7 20. Nxe5 Bxg2 21. Kxg2
Bg5 22. f4 c6 23. Rh1 Qe8 24. Rxb7 Rd8 25. Rd7 Bf6 26. Rxd8 Qxd8 27. Qd3 g6 28.
Rd1 Nf5 29. Qxd8 Bxd8 30. Rd7 Bf6 31. Rd3 c5 32. e4 Nd4 33. Bxd4 cxd4 34. Nd7
Rf7 35. Nxf6+ Rxf6 36. Rxd4 Rb6 37. Rd3 Kf7 38. e5 Kg7 39. Kf3 Rc6 40. a4 Rb6
41. g4 h5 42. gxh5 gxh5 43. f5 Rb7 44. Kf4 Kh6 45. Rd6+ Kh7 46. e6 Rxb3 47. e7 1-0

[Event "Reykjavik Open"]
[Site "Reykjavik ISL"]
[Date "2012.03.09"]
[Round "4.58"]
[White "Sjol, Henrik"]
[Black "Vrban, Damir"]
[Result "1/2-1/2"]
[WhiteElo "1892"]
[BlackElo "2152"]
[WhiteFideId "1505629"]
[BlackFideId "14508630"]
[EventDate "2012.03.06"]

1. d4 g6 2. Nf3 Bg7 3. g3 f5 4. Bg2 Nf6 5. O-O O-O 6. c4 d6 7. Nc3 c6 8. b3 Na6
9. Bb2 Qe8 10. d5 Bd7 11. Nd4 Nc5 12. e3 e5 13. dxe6 Bxe6 14. Qe2 Bf7 15. Rfd1
Rd8 16. Rac1 Nfe4 17. Nf3 Bh6 18. Qc2 Bg7 1/2-1/2

[Event "Reykjavik Open"]
[Site "Reykjavik ISL"]
[Date "2012.03.09"]
[Round "4.60"]
[White "Skoien, Havard"]
[Black "Fivelstad, Jon Olav"]
[Result "1-0"]
[WhiteElo "2121"]
[BlackElo "1879"]
[WhiteFideId "1503278"]
[BlackFideId "1510339"]
[EventDate "2012.03.06"]

1. d4 Nf6 2. c4 c5 3. d5 e6 4. Nc3 exd5 5. cxd5 d6 6. Nf3 g6 7. Bg5 h6 8. Bf4
Nh5 9. Bd2 Bg7 10. h3 g5 11. e4 a6 12. a4 b6 13. Nh2 Nf4 14. Ng4 Ng6 15. Be2 Nd7
16. Ne3 Nde5 17. g3 O-O 18. Nf5 Qf6 19. Nxg7 Kxg7 20. Be3 Bd7 21. h4 g4 22. h5
Ne7 23. Bf4 Nf3+ 24. Bxf3 gxf3 25. Qxf3 b5 26. O-O Ng8 27. Rfe1 Kh7 28. e5 Qf5
29. exd6 Nf6 30. Re5 Qh3 31. Qg2 b4 32. Ne4 Qxg2+ 33. Kxg2 Nxe4 34. Rxe4 Rfd8
35. b3 Bg4 36. Rc1 Rac8 37. Rec4 Bxh5 38. Rxc5 Rxc5 39. Rxc5 Bd1 40. Rc7 Bxb3
41. Rxf7+ Kg6 42. Ra7 Bxa4 43. Rxa6 Bc2 44. Kf3 Rd7 45. Rb6 b3 46. Ke3 h5 47.
Be5 Kf5 48. Bb2 Kg4 49. Rb4+ Kg5 50. Rb6 Kg4 51. Bf6 Kf5 52. Bd4 Be4 53. Rxb3
Rxd6 54. f3 Bxd5 55. Rb5 Kg6 56. Be5 Bc6 57. Rb6 Re6 58. Kf4 Bd5 59. Rb5 Bc6 60.
Rc5 Be8 61. Bc3 Rc6 62. Rg5+ Kf7 63. Bd4 Ke6 64. Re5+ Kd7 65. Rg5 Ra6 66. Be5
Bg6 67. Bd4 Be8 68. Ke4 Bg6+ 69. Ke3 Ra3+ 70. Kf4 Ra6 71. Rb5 Be8 72. Kg5 Rg6+
73. Kh4 Rd6 74. Be5 Rd3 75. f4 Ke6 76. Rb8 Bf7 77. Rb6+ Ke7 78. f5 Rb3 79. Rxb3
Bxb3 80. Kxh5 Kf7 81. g4 Bd1 82. Kg5 Be2 83. Kf4 Bd1 84. g5 Bc2 85. g6+ Kg8 86.
Kg5 Bb3 87. f6 Be6 88. Bd4 Bc4 89. Kf5 Bd5 90. Ke5 Bb3 91. Be3 Bc4 92. Bh6 Bb3
93. Kd6 1-0

[Event "Reykjavik Open"]
[Site "Reykjavik ISL"]
[Date "2012.03.09"]
[Round "4.61"]
[White "Karlsson, Mikael Johann"]
[Black "Sigurjonsson, Stefan Th."]
[Result "1-0"]
[WhiteElo "1884"]
[BlackElo "2117"]
[WhiteFideId "2305194"]
[BlackFideId "2301008"]
[EventDate "2012.03.06"]

1. c4 e6 2. g3 d5 3. Bg2 Nf6 4. Nf3 Bd6 5. d4 c6 6. O-O Nbd7 7. Nc3 O-O 8. b3
Re8 9. Bb2 b6 10. Nd2 e5 11. cxd5 exd4 12. dxc6 dxc3 13. cxd7 Bxd7 14. Bxc3 Rc8
15. Bxf6 gxf6 16. Nc4 Be5 17. Rc1 Qe7 18. e4 Be6 19. Qe2 Qc5 20. Rc2 b5 21. Ne3
Qb6 22. Rxc8 Rxc8 23. Nd5 Qc5 24. Rd1 Qc2 25. Rd2 Qb1+ 26. Bf1 Rc1 27. Ne7+ Kf8
28. Nf5 Bxf5 29. exf5 Qxf5 30. Qxb5 Kg7 31. Qd3 Qh5 32. Kg2 Bc7 33. Be2 Qa5 34.
Qd7 Bb6 35. Bc4 Qh5 36. a4 Rc3 37. Qb7 Rc1 38. Rd7 1-0

[Event "Reykjavik Open"]
[Site "Reykjavik ISL"]
[Date "2012.03.09"]
[Round "4.62"]
[White "Andersen, Daniel"]
[Black "Andersson, Christin"]
[Result "0-1"]
[WhiteTitle "FM"]
[BlackTitle "WIM"]
[WhiteElo "1879"]
[BlackElo "2102"]
[WhiteFideId "1402714"]
[BlackFideId "1702947"]
[EventDate "2012.03.06"]

1. c4 Nf6 2. Nc3 g6 3. e4 d6 4. d4 Bg7 5. f4 O-O 6. Nf3 Bg4 7. Be2 Nbd7 8. O-O
c6 9. Be3 Bxf3 10. Bxf3 e5 11. fxe5 dxe5 12. d5 cxd5 13. cxd5 Ne8 14. Qb3 b6 15.
Rac1 Kh8 16. Rfd1 f5 17. exf5 gxf5 18. d6 e4 19. Be2 f4 20. Bd4 Nef6 21. Nb5 Rg8
22. Rc7 Rb8 23. Bc4 Nc5 24. Bxc5 bxc5 25. Qc2 Ng4 26. Qxe4 Qh4 27. Bxg8 Qxh2+
28. Kf1 Nf6 29. Qf3 0-1

[Event "Reykjavik Open"]
[Site "Reykjavik ISL"]
[Date "2012.03.09"]
[Round "4.63"]
[White "Goodger, Martyn"]
[Black "Jonsson, Olafur Gisli"]
[Result "1-0"]
[WhiteElo "2098"]
[BlackElo "1877"]
[WhiteFideId "408336"]
[BlackFideId "2302705"]
[EventDate "2012.03.06"]

1. e4 e5 2. Nf3 Nc6 3. d4 exd4 4. Nxd4 Bc5 5. Nb3 Bb6 6. a4 a5 7. Nc3 Qf6 8. Qe2
Nge7 9. Be3 Bxe3 10. Qxe3 O-O 11. Be2 d5 12. O-O-O dxe4 13. Nxe4 Qg6 14. g4 Nb4
15. f3 Qc6 16. Qc5 Be6 17. Qxc6 Nexc6 18. Nbc5 b6 19. Nxe6 fxe6 20. Bc4 Rxf3 21.
Ng5 Rf2 22. Bxe6+ Kh8 23. c3 Re8 24. cxb4 h6 25. Ne4 Re2 26. Bf5 R2xe4 27. Bxe4
Rxe4 28. bxa5 Nxa5 29. h3 Rxa4 30. Rhe1 Nb3+ 31. Kc2 Nc5 32. Re7 Rc4+ 33. Kb1 c6
34. Rf1 Ne4 35. Rd7 Nf6 36. Rb7 b5 37. Re1 Ne4 38. Rd1 Nf6 39. Rc1 Ne4 40. Rxc4
Nd2+ 41. Kc2 Nxc4 42. Rc7 Ne5 43. Kc3 Kh7 44. Kd4 Nf3+ 45. Kc5 Ne5 46. Rxc6 Nd3+
47. Kxb5 Nxb2 48. Ra6 1-0

[Event "Reykjavik Open"]
[Site "Reykjavik ISL"]
[Date "2012.03.09"]
[Round "4.64"]
[White "Bjarnason, Saevar"]
[Black "Gunnlaugsson, Gisli"]
[Result "1-0"]
[WhiteTitle "IM"]
[WhiteElo "2092"]
[BlackElo "1875"]
[WhiteFideId "2300176"]
[BlackFideId "2301776"]
[EventDate "2012.03.06"]

1. d4 d5 2. c4 Nf6 3. cxd5 Nxd5 4. e4 Nf6 5. Nc3 e6 6. Bf4 Be7 7. Bd3 O-O 8. f3
b6 9. Nge2 Bb7 10. O-O Nbd7 11. Qd2 c5 12. Rfd1 Rc8 13. dxc5 Nxc5 14. Nb5 1-0

[Event "Reykjavik Open"]
[Site "Reykjavik ISL"]
[Date "2012.03.09"]
[Round "4.67"]
[White "Antonsson, Atli"]
[Black "Doell, Detlef"]
[Result "1-0"]
[WhiteElo "1849"]
[BlackElo "2067"]
[WhiteFideId "2307987"]
[BlackFideId "4659449"]
[EventDate "2012.03.06"]

1. d4 Nf6 2. c4 c5 3. d5 e5 4. Nc3 d6 5. e4 a6 6. Nf3 g6 7. Be2 Bg7 8. h3 h5 9.
Bg5 Nbd7 10. Qd2 Qa5 11. O-O Ng8 12. Nh4 Bh6 13. Bxh6 Nxh6 14. f4 Qd8 15. fxe5
Nxe5 16. Nf3 Qe7 17. Na4 Bd7 18. Nb6 Rd8 19. Qf4 Kf8 20. Ng5 Kg7 21. Nxd7 Rxd7
22. Rf2 Rb8 23. a4 b5 24. axb5 axb5 25. cxb5 c4 26. Ra3 Rxb5 27. Qc1 Rdb7 28.
Bf1 Qd8 29. Nf3 Qe7 30. Qc3 f6 31. Nd4 Nhf7 32. Nxb5 Rxb5 33. Bxc4 Rc5 34. b3
Nxc4 35. bxc4 Ne5 36. Ra4 Qc7 37. Rfa2 Qe7 38. Ra1 Rc7 39. Ra7 Kh6 40. Qc1+ g5
41. Rxc7 Qxc7 42. Qf1 Qb6+ 43. Kh2 Kg7 44. Qf5 Nxc4 45. Qd7+ 1-0

[Event "Reykjavik Open"]
[Site "Reykjavik ISL"]
[Date "2012.03.09"]
[Round "4.68"]
[White "Jonsson, Pall Leo"]
[Black "De Winter, Eric"]
[Result "1/2-1/2"]
[WhiteElo "2057"]
[BlackElo "1852"]
[WhiteFideId "2302365"]
[BlackFideId "1033069"]
[EventDate "2012.03.06"]

1. Nf3 d5 2. d4 Nf6 3. c4 e6 4. g3 c5 5. cxd5 exd5 6. Bg2 Nc6 7. O-O Be7 8. dxc5
Bxc5 9. Bg5 Be7 10. Nc3 Be6 11. Nd4 O-O 12. e3 h6 13. Bxf6 Bxf6 14. Nde2 d4 15.
exd4 Nxd4 16. Nxd4 Bxd4 17. Bxb7 Rb8 18. Qf3 Qb6 19. Be4 Qxb2 1/2-1/2

[Event "Reykjavik Open"]
[Site "Reykjavik ISL"]
[Date "2012.03.09"]
[Round "4.69"]
[White "Edvardsen, Ragnar"]
[Black "Finnbogadottir, Tinna Kristin"]
[Result "1/2-1/2"]
[WhiteElo "2045"]
[BlackElo "1810"]
[WhiteFideId "1502719"]
[BlackFideId "2300214"]
[EventDate "2012.03.06"]

1. e4 c5 2. Nf3 g6 3. d4 cxd4 4. Nxd4 Nc6 5. Nc3 Bg7 6. Be3 Nf6 7. Be2 O-O 8.
O-O d5 9. exd5 Nxd5 10. Nxd5 Qxd5 11. Bf3 Qd7 12. Nxc6 bxc6 13. Qxd7 Bxd7 14.
Rad1 Bf5 15. c3 Rfc8 16. Rd2 h5 17. h3 Kh7 18. g4 hxg4 19. hxg4 Be6 20. Kg2 a5
21. b3 Bxc3 22. Rc2 Bg7 23. Rfc1 a4 24. Rxc6 axb3 25. axb3 Rxc6 26. Rxc6 Rb8 27.
Rc7 Bxb3 28. Rxe7 Be6 1/2-1/2

[Event "Reykjavik Open"]
[Site "Reykjavik ISL"]
[Date "2012.03.09"]
[Round "4.70"]
[White "Mikalsen, Erlend"]
[Black "Kristinardottir, Elsa Maria"]
[Result "0-1"]
[WhiteElo "2083"]
[BlackElo "1734"]
[WhiteFideId "1507338"]
[BlackFideId "2300370"]
[EventDate "2012.03.06"]

1. e4 e5 2. Bc4 Bc5 3. b4 Bxb4 4. c3 Bc5 5. d4 exd4 6. Qh5 Qe7 7. Bxf7+ Qxf7 8.
Qxc5 d6 9. Qxd4 Nc6 10. Qe3 Nf6 11. Nf3 O-O 12. O-O Ng4 13. Qe2 Qh5 14. h3 Nge5
15. Nd4 Bg4 16. f3 Bxf3 17. Qc2 Be2 18. Rf4 d5 19. exd5 0-1